LEADER 04591nam 2200565 450 001 9910811708603321 005 20230531180421.0 010 $a1-4832-1614-4 035 $a(CKB)3710000000200374 035 $a(EBL)1879973 035 $a(SSID)ssj0001433387 035 $a(PQKBManifestationID)11907791 035 $a(PQKBTitleCode)TC0001433387 035 $a(PQKBWorkID)11415244 035 $a(PQKB)11285398 035 $a(MiAaPQ)EBC1879973 035 $a(EXLCZ)993710000000200374 100 $a20141215h19611961 uy 0 101 0 $aeng 135 $aur|n|---||||| 181 $ctxt$2rdacontent 182 $cc$2rdamedia 183 $acr$2rdacarrier 200 10$aGyrodynamics and its engineering applications /$fRonald N. Arnold, Leonard Maunder 210 1$aNew York ;$aLondon :$cAcademic Press,$d1961. 210 4$d©1961 215 $a1 online resource (495 pages) $cillustrations 300 $aIncludes index. 311 0 $a1-322-46371-9 311 0 $a0-12-063852-5 327 $aFront Cover; Gyrodynamics and Its Engineering Applications; Copyright Page; PREFACE; Table of Contents; CHAPTER 1. GENERAL INTRODUCTION; 1.1 History; 1.2 Introduction to Vectors; 1.3 Kinematics of a Particle; 1.4 Newton's Laws; 1.5 Rotating Systems; 1.6 Illustrative Examples; CHAPTER 2. KINEMATICS OF RIGID BODIES; 2.1 Products of Vectors; 2.2 Translation and Rotation; 2.3 Instantaneous Axis of Rotation; 2.4 Finite and Infinitesimal Rotations; 2.5 General Motion; CHAPTER 3. FRAMES OF REFERENCE; 3.1 Transformation of Vector Components; 3.2 Eulerian Angles; 3.3 Moving Axes; 3.4 Relative Motion 327 $a3.5 Illustrative Examples; CHAPTER 4. MOMENTS AND PRODUCTS OF INERTIA; 4.1 Definitions; 4.2 Transformation Theorems and Principal Axes; 4.3 Mohr's Circle; 4.4 Symmetric Bodies; 4.5 Experimental Measurements; CHAPTER 5. DYNAMICAL THEOREMS; 5.1 Linear and Angular Momentum; 5.2 General Equations of Motion; 5.3 Equations of Motion for Rigid Bodies; 5.4 Kinetic Energy; 5.5 Lagrange's Equations; 5.6 D'Alembert's Principle; CHAPTER 6. MOTION or A FREE BODY; 6.1 Introduction; 6.3 Polhodes and Herpolhodes; 6.4 General Solution; 6.5 Axially-symmetric Bodies; CHAPTER 7. SYMMETRICAL GYROSCOPE UNDER GRAVITY 327 $a7.1 Introduction; 7.2 Equations of Motion; 7.3 Uniform Precession; 7.4 Nutation; 7.5 General Solution; CHAPTER 8. GYRODYNAMICS OF MACHINES; 8.1 Effects of Coriolis Forces; 8.2 Spinning Discs and Rotors; 8.3 Rolling Wheels and Discs; 8.4 Grinding Mills; CHAPTER 9. GYROSCOPIC VIBRATION ABSORBERS AND STABILIZERS; 9.1 Introduction; 9.2 Historical Note; 9.3 Gyroscopic Control of Forced Vibration; 9.4 Gyroscopic Control of Self-excited and Free Vibration; 9.5 Stabilization of Ships; 9.6 The Monorail; CHAPTER 10. THE GYRO-COMPASS; 10.1 Introduction; 10.2 Foucault's Directional Gyroscope 327 $a10.3 Principle of Action of the Gyro -compass; 10.4 Mechanical Arrangement; 10.5 General Motion with Pendular Control; 10.6 The Mercury Ballistic; 10.7 General Motion with Mercury Ballistic; 10.8 Errors; 10.9Effects at High Latitudes; CHAPTER 11. SUSPENSIONS FOR GYROSCOPES; 11.1 Introduction; 11.2 Rotor Drives and Bearings; 11.3 Single and Double Suspensions; 11.4 The Cardan Suspension and Hooke's Joint; 11.5 Gimbal Errors; 11.6 Dynamics of Gimbals; 11.7 Effect of Flexibility of Rotor Shaft; 11.8 Dynamics of a Platform supported in Gimbals; 11.9 Dynamics of a Rotor driven by a Hooke's Joint 327 $aCHAPTER 12. GYRO-VERTICALS; 12.1 Introduction; 12.2 The Gyro-pendulum; 12.3 Response to Vehicle Acceleration; 12.4 Effect of Gimbal Bearing Friction; 12.5 Response to Forced Vibration; 12.6 Practical Gyro-verticals; 12.7 Response to Vehicle Acceleration; 12.8 The Tilted-axis Gyro-vertical; 12.9 Mechanical Design; 12.10 Schuler Tuning of a Gyro-pendulum; CHAPTER 13. RATE AND INTEGRATING GYROSCOPES; 13.1 Introduction; 13.2 Single-axis Rate Gyroscopes; 13.3 Aircraft Turn-and-slip Indicator; 13.4 Floated Single-axis Gyroscopes; 13.5 A Two-axis Rate Gyroscope; 13.6 An Integrating Gyro-accelerometer; 13.7 A Vibratory Rate Gyroscope 517 3 $aGyrodynamics & its engineering applications 606 $aGyroscopes 606 $aGyroscopic instruments 615 0$aGyroscopes. 615 0$aGyroscopic instruments. 676 $a531.34 700 $aArnold$b Ronald N.$051632 702 $aMaunder$b Leonard 801 0$bMiAaPQ 801 1$bMiAaPQ 801 2$bMiAaPQ 906 $aBOOK 912 $a9910811708603321 996 $aGyrodynamics and its engineering applications$9345102 997 $aUNINA LEADER 05008nam 22008055 450 001 9910298375303321 005 20250730101849.0 010 $a9781610915625 010 $a1610915623 010 $a9781610915632 010 $a1610915631 024 7 $a10.5822/978-1-61091-563-2 035 $a(CKB)3710000000290679 035 $a(EBL)3107110 035 $a(SSID)ssj0001386148 035 $a(PQKBManifestationID)11883996 035 $a(PQKBTitleCode)TC0001386148 035 $a(PQKBWorkID)11351493 035 $a(PQKB)10438148 035 $a(SSID)ssj0001369672 035 $a(PQKBManifestationID)12604890 035 $a(PQKBTitleCode)TC0001369672 035 $a(PQKBWorkID)11289021 035 $a(PQKB)11002847 035 $a(MiAaPQ)EBC4413744 035 $a(DE-He213)978-1-61091-563-2 035 $a(MiAaPQ)EBC3107110 035 $a(PPN)183090632 035 $a(Perlego)2985043 035 $a(EXLCZ)993710000000290679 100 $a20141113d2014 u| 0 101 0 $aeng 135 $aur|n|---||||| 181 $ctxt 182 $cc 183 $acr 200 10$aFoundations of Real Estate Development Financing $eA Guide to Public-Private Partnerships /$fby Arhur C. Nelson 205 $a1st ed. 2014. 210 1$aWashington, DC :$cIsland Press/Center for Resource Economics :$cImprint: Island Press,$d2014. 215 $a1 online resource (201 p.) 225 1 $aMetropolitan Planning + Design 300 $a"Foreword by Christopher B. Leinberger"--Cover. 311 08$a9781610915618 311 08$a1610915615 311 08$a9781597264686 311 08$a1597264687 320 $aIncludes bibliographical references and index. 327 $aForeword by Christopher B. Leinberger- Preface- Acknowledgments -- Introduction: The Future of America Is Redevelopment, and the Future of Redevelopment Is Public-Private Partnerships -- 1 The Cycle of Development, Optimal Redevelopment, Redevelopment Goals and Benefits, and Barriers to Redevelopment -- 2 Implementation of Redevelopment Plans and the Role of Public-Private Partnerships -- 3 Real Estate Finance and Development Basics -- 4 Survey of Public-Private Partnership Tools and the Role of Public -- Patient Equity to Leverage Private Real Estate Development -- Conclusion: America?s Progress Depends on Redevelopment through Public-Private Partnerships -- Appendix A: Workbook User Guide -- Appendix B: Simplified Depreciation Periods for Land Uses -- Notes -- References -- Index. 330 $aAmerican?s landscape is undergoing a profound transformation as demand grows for a different kind of American Dream--smaller homes on smaller lots, multifamily options, and walkable neighborhoods. This trend presents a tremendous opportunity to reinvent our urban and suburban areas. But in a time of fiscal austerity, how do we finance redevelopment needs? In Foundations of Real Estate Development Finance: A Guide for Public-Private Partnerships, urban scholar Arthur C. Nelson argues that efficient redevelopment depends on the ability to leverage resources through partnerships. Public-private partnerships are increasingly important in reducing the complexity and lowering the risk of redevelopment projects. Although planners are in integral part of creating these partneships, their training does generally not include real-estate finacing, which presents challenges and imbalances in public-private partnership. This is the first primer on financing urban redevelopment written for practicing planners and public administrators. In easy-to-understand language, it will inform readers of the natural cycle of urban development, explain how to overcome barriers to efficient redevelopment, what it takes for the private sector to justify its redevelopment investments, and the role of public and nonprofit sectors to leverage private sector redevelopment where the market does not generate sufficient rates of return. This is a must read for practicing planners and planning students, economic development officials, public administrators, and others who need to understand how to leverage public and non-profit resources to leverage private funds for redevelopment. . 410 0$aMetropolitan planning + design. 606 $aEnvironmental management 606 $aSociology, Urban 606 $aHuman geography 606 $aEnvironmental Management 606 $aUrban Sociology 606 $aHuman Geography 615 0$aEnvironmental management. 615 0$aSociology, Urban. 615 0$aHuman geography. 615 14$aEnvironmental Management. 615 24$aUrban Sociology. 615 24$aHuman Geography. 676 $a333.7 686 $aARC010000$2bisacsh 700 $aNelson$b Arhur C$4aut$4http://id.loc.gov/vocabulary/relators/aut$01062433 701 $aLeinberger$b Christopher B$01146214 906 $aBOOK 912 $a9910298375303321 996 $aFoundations of Real Estate Development Financing$92882091 997 $aUNINA